Paul Cezanne, 1839-1906 : precursor de la modernidad (Record no. 689)
[ view plain ]
| 000 -LEADER | |
|---|---|
| campo de control de longitud fija | 00811nam a22001577a 4500 |
| 008 - DATOS DE LONGITUD FIJA--INFORMACIÓN GENERAL | |
| campo de control de longitud fija | 150612b xxu||||| |||| 00| 0 eng d |
| 020 ## - NÚMERO INTERNACIONAL ESTÁNDAR DEL LIBRO | |
| Número Internacional Estándar del Libro | 3822858412 |
| 082 ## - NÚMERO DE LA CLASIFICACIÓN DECIMAL DEWEY | |
| Número de clasificación | 709.2 |
| Número de ítem | B397c |
| 100 ## - ENTRADA PRINCIPAL--NOMBRE DE PERSONA | |
| Nombre de persona | Ulrike Becks-Malorny |
| 9 (RLIN) | 3098 |
| 245 ## - MENCIÓN DEL TÍTULO | |
| Título | Paul Cezanne, 1839-1906 : precursor de la modernidad |
| Mención de responsabilidad, etc. | Ulrike Becks-Malorny |
| 260 ## - PUBLICACIÓN, DISTRIBUCIÓN, ETC. | |
| Lugar de publicación, distribución, etc. | Köln |
| Nombre del editor, distribuidor, etc. | Benedikt Taschen |
| Fecha de publicación, distribución, etc. | 1995 |
| 300 ## - DESCRIPCIÓN FÍSICA | |
| Extensión | 95 p. |
| Otras características físicas | ill. (col) |
| Dimensiones | 23 cm |
| 505 ## - NOTA DE CONTENIDO CON FORMATO | |
| Título | "Como surge un pintor" |
| -- | Cezanne y el impresionismo |
| -- | "Armonia paralela a la naturleza" |
| -- | "Quiero impresionar a Paris con una manzana"-naturalezas muertas |
| -- | El pintor y su montaña-la montaña Sainte-Victoire |
| -- | Bañistas- el tema pictorico de los ultimos años |
| -- | Paul Cezanne-Vida y Obra |
| 600 ## - PUNTO DE ACCESO ADICIONAL DE MATERIA--NOMBRE DE PERSONA | |
| Nombre de persona | Cezanne, Paul |
| Fechas asociadas al nombre | 1839-1906 |
| 9 (RLIN) | 3099 |
| 650 ## - PUNTO DE ACCESO ADICIONAL DE MATERIA--TÉRMINO DE MATERIA | |
| Subdivisión general | Pintores-Francia-Biografia |
| -- | Post-impresionismo (arte)-Francia |
| 9 (RLIN) | 3100 |
| Estatus retirado | Estado de pérdida | Fuente del sistema de clasificación o colocación | Estado de daño | No para préstamo | Biblioteca de origen | Biblioteca actual | Ubicación en estantería | Fecha de adquisición | Total de préstamos | Signatura topográfica completa | Código de barras | Visto por última vez | Precio de reemplazo | Tipo de ítem Koha |
|---|---|---|---|---|---|---|---|---|---|---|---|---|---|---|
| Clasificación Decimal Dewey | Biblioteca LadoV | Biblioteca LadoV | 12/06/2015 | 709.2 B 397c | 000642 | 12/06/2015 | 12/06/2015 | Material 01 |
